Україна на переломі (1657 - 1659) (Запис № 371085)
[ простий вигляд ]
| 000 -Лідер | |
|---|---|
| fixed length control field | 00787nam a22002417a 4500 |
| 001 - Контрольний номер | |
| control field | 84769 |
| 003 - Ідентифікатор контрольного номера | |
| control field | UA-OsUOA |
| 005 - Дата та час останнього входження (трансакції) | |
| control field | 20200407163407.0 |
| 007 - Фіксоване поле фізичного опису | |
| fixed length control field | ta |
| 008 - Елементи даних фіксованої довжини – загальна інформація | |
| fixed length control field | 20120608b un ||||| |||| 00| 0 ukr d |
| 020 ## - Міжнародний стандартний книжковий номер (ISBN) | |
| Міжнародний стандартний книжковий номер (ISBN) (НП) | 5308016755 |
| 040 ## - Джерело каталогізації | |
| Агенція оригінальної каталогізації | UA-OsUOA |
| Мова каталогізації | ukr |
| Агенція, яка здійснювала перезапис | UA-OsUOA |
| Агенція, яка здійснювала модифікацію | UA-OsUOA |
| 041 ## - Код мови | |
| Код мови тексту/ звукової доріжки чи окремого заголовка (П) | ukr |
| 080 ## - Індекс Універсальної десяткової класифікації | |
| Індекс Універсальної десяткової класифікації (УДК) (НП) | 94(477) |
| 090 ## - Локальний шифр розміщення | |
| Класифікаційний індекс УДК | 94(477) |
| Авторський знак (НП) | Л61 |
| 100 ## - Основне введення – ім’я особи | |
| Ім’я особи (НП) | Липинський В. |
| 245 ## - Відомості про назву | |
| Назва (НП) | Україна на переломі (1657 - 1659) |
| Решта назви (НП) | замітки до історії українського державного будівництва в XVII ст.: репринтне видання |
| 260 ## - Публікація, розповсюдження і т.п. (Вихідні дані) | |
| Місце публікації, розповсюдження і т.п. (П) | К. |
| Ім’я/ наймення видавництва, розповсюджувача і т.п. (П) | Дніпро |
| Дата публікації, розповсюдження і т.п. (П) | 1997 |
| 300 ## - Фізичний опис | |
| Обсяг | 304 с. |
| 650 #7 - Додаткове предметне введення – тематичний термін | |
| Тематичний термін чи географічна назва, як елемент введення (НП) | 9 Географія. Біографії. Історія |
| Джерело заголовка чи терміна | UDC |
| 942 ## - Додаткові елементи входу (Коха) | |
| Тип елемента Koha | Книги |
| Source of classification or shelving scheme | Universal Decimal Classification |
| 955 ## - Код типу видання за змістом | |
| Код типу видання за змістом (НП) | Навчальні видання |
| Стан вилучень | Стан втрат | Джерело класифікації або схеми стелажів | Стан уражень | Не для кредиту | Код колекції | Постійне місце розташування | Поточне розміщення | Дата придбання | Джерело придбання | Вартість, звичайна ціна покупки | Інвентарний номер | Усього замовленно | Повний номер виклику | Штрих-код | Дата останнього перегляду | Ціна ефективна від | Тип елемента Koha |
|---|---|---|---|---|---|---|---|---|---|---|---|---|---|---|---|---|---|
| Withdrawn | Universal Decimal Classification | Колекція бібліотеки інституту Св. Івана | АБ - Абонемент НБ | АБ - Абонемент НБ | 08/06/2012 | 48/2012 | 8.00 | 139065 | 94(477) Л61 | 139065 | 13/07/2019 | 08/06/2012 | Книги | ||||
| Universal Decimal Classification | Колекція Жулинського М.Г. | АБ - Абонемент НБ | АБ - Абонемент НБ | 20/05/2014 | 21/2014 | 8.00 | 145633 | 94(477) Л61 | 145633 | 06/02/2022 | 08/06/2012 | Книги |